000
00229 a2200097 4500
001
29486
100
_a
Plonsey
245
_a
Principles and applications of electromagnetic fields
260
_a
_b
spring
_c
090
_c
19668
_d
19668
942
_a
NUST-CAE
_c
M
_c
10744
999
_c
264559
_d
264559